Mystères initiatiques /

محفوظ في:

المؤلف الرئيسي: Durville, Henri, 1887- (مؤلف)

التنسيق: كتاب

اللغة: French

منشور في: Paris : H. Durville, [c1925].

الطبعة: 2. ed.

الموضوعات:

الوسوم: إضافة وسم

لا توجد وسوم, كن أول من يضع وسما على هذه التسجيلة!

رقم الطلب: BL2450 .M9 D8 1925

LEADER 00878nam a2200277I 4500
001 4491
003 OSt
005 20251006131046.0
008 130303q1925 fr afh b 000 0 fre d
010 |a 40018209 
035 |a ocm11688445 
040 |c ARCE Library 
043 |a f-ua--- 
050 4 |a BL2450 .M9 D8 1925 
100 1 |a Durville, Henri,   |d 1887-  |e author  |9 29341 
245 1 0 |a Mystères initiatiques /  |c bois originaux de Pierre Guillemat, compositions de Léopoldo Cenni, scènes initiatiques et pantacles de Henri Durville. 
250 |a 2. ed. 
264 1 |a Paris :  |b H. Durville,  |c [c1925]. 
300 |a 162 pages, 2 :  |b illustrations, plates, facsimiles ;  |c 26 cm. 
504 |a Bibliography : pages [139]-146. 
630 0 0 |a Book of the dead. 
650 0 |a Mysteries, Religious. 
651 0 |a Egypt  |x Religion. 
901 |a reviewed 
942 |c BK  |2 lcc 
999 |c 3258  |d 3258